[Event "Metz op 31th"]
[Site "Metz"]
[Date "2013.04.20"]
[Round "1"]
[White "Doluhanova, Evgeniya"]
[Black "Bauer, Christian"]
[Result "1/2-1/2"]
[WhiteElo "2332"]
[BlackElo "2637"]
[Annotator "Metz Alekhine/Primel,D"]
[PlyCount "126"]
[EventDate "2013.04.20"]
[EventType "swiss"]
[EventRounds "9"]
[EventCountry "FRA"]
[SourceTitle "EXT 2016"]
[Source "ChessBase"]
[SourceDate "2015.10.08"]
[SourceVersion "1"]
[SourceVersionDate "2015.10.08"]
[SourceQuality "1"]
[TimeControl "40/5400:1800+30"]
[WhiteClock "1:30:00"]
[BlackClock "1:30:00"]

1. e4 c5 2. Nf3 b6 $5 {Une ligne secondaire souvent jouée par le GMI} 3. d4 (
3. c4 {Laisse l'option de transposer dans une anglaise} e6 4. Nc3 Bb7 5. d4
cxd4 6. Nxd4 a6 7. Nc2 {Grosar,A (2495)-Efimov,I (2530) Ljubljana 1997 (2) 1-0}
) 3... cxd4 4. Nxd4 Bb7 5. Bd3 Na6 $5 {[%cal Ga6c5,Gc5d3,Gc5e4] Un plan un peu
lent mais le Bd3 est une pièce importante dans ce genre de structure} (5... e6
6. O-O a6 {Transpose sur une Kan}) (5... d6 6. c4 Nc6 $1 7. Nc2 (7. Be3 Ne5
$132 {[%cal Ga8c8,Ge5c4]}) 7... Nf6 $11 {Burkett,M (2275)-Sferra,B (2250)
CalChess Masters 1983 (9) 0-1}) (5... e6 6. O-O a6 7. b3 d6 8. Bb2 Nf6 9. Qe2
Be7 10. c4 O-O 11. Nd2 Nbd7 12. Rad1 Qc7 13. f4 Rfe8 14. Kh1 g6 15. Bb1 Rad8
16. N2f3 Nh5 17. Qd2 Nc5 18. Qe3 Bf8 19. Ne2 Nd7 20. Ng5 b5 21. cxb5 axb5 22.
Qh3 h6 23. Nf3 Nhf6 24. Nd2 Bg7 25. Nd4 Qb6 26. Qf3 e5 27. fxe5 Nxe5 28. Qg3 d5
29. exd5 Rxd5 30. Ne4 Nh5 31. Qf2 Red8 32. Bc2 R8d7 33. Ne2 Qxf2 34. Nxf2 Rd2
35. Bxe5 {Paehtz,E (2452)-Koneru,H (2607) Beijing 2013 0-1}) 6. O-O Nc5 7. Nc3
$146 (7. Qe2 g6 8. f4 Nf6 9. Nc3 a6 10. e5 Nd5 11. Nxd5 Bxd5 12. c4 Bb7 13. Bc2
Qc7 14. f5 gxf5 15. Nxf5 O-O-O 16. b4 Rg8 17. Ng3 Ne6 18. Bxh7 Rh8 19. Be4 Bg7
20. Bxb7+ Kxb7 21. Bb2 Rh4 22. Rac1 Bh6 23. Rc3 Bf4 24. Rcf3 Bxg3 25. Rxg3 Rxc4
26. Rxf7 Rc2 27. Qe4+ Kb8 28. Rf2 Rxb2 {0-1 (28) Chau,O (2184)-Philippe,C 
(2371) Vandoeuvre 2004}) 7... e6 8. a3 $6 {[%cal Gb2b4] Un plan bizarre pour
chasser le Nc5} (8. Be3) 8... Rc8 $1 9. b4 {[%csl Rc3] La suite logique après
avoir joué "a3" mais les Blancs vont avoir du mal à jouer ensuite la
poussée "c4"} Nxd3 10. Qxd3 Nf6 (10... d6) 11. e5 (11. Bd2) 11... Qc7 12. exf6
Qxc3 {Réfutant le plan douteux a3b4} 13. Qxc3 Rxc3 14. Be3 (14. Bb2) 14...
gxf6 15. Nb5 Rg8 $1 {[%csl Gb7,Rg2] Menace d'un tourniquet} 16. g3 Rxe3 $1 17.
fxe3 a6 18. Nd4 f5 19. c4 h5 20. Rad1 Be4 (20... h4 21. Kf2 hxg3+ 22. hxg3) 21.
Kf2 Bg7 22. Rd2 Ke7 23. Rc1 Bf6 24. Nf3 Rc8 25. c5 Rc7 26. h4 Rc8 27. Nd4 $14
b5 28. Ne2 Be5 29. Rcd1 {Les R commencent à s'activer et les Noirs n'ont
peut-être pas assez de compensations} Rc7 30. Rd6 Ra7 31. R6d2 (31. Rb6 $2 Bc7
) 31... a5 $1 32. bxa5 Bc6 33. Nd4 Bxd4 34. exd4 Rxa5 35. Rd3 Ra4 36. Rc3 Ra8
37. Rd2 Rg8 38. Re3 {[%cal Gd4d5,Ge3e7]} Kf6 39. Ke1 Rg4 40. Kd1 {[%cal Gd1b3,
Gb3b4,Gb4a5,Ga5b6]} Kg6 41. Kc2 f6 42. Kc3 f4 $1 43. gxf4 Rxh4 44. Rg3+ Kf5 45.
Rg8 Rh3+ 46. Kb4 h4 47. Rh8 Rh1 48. Ka5 {[%csl Ra5,Gf5] Le plan des Blancs de
pénétration du K à l'aile-dame est assez douteux car le Bc6 defend bien les
faiblesses alors que le K Noir est nettement plus actif} Ke4 49. Kb6 f5 50. Rd8
Ke3 51. Rb2 Kxd4 $15 52. Re2 Kc4 53. Rd2 {[%cal Gd2d7] les Blancs vont devoir
lacher une qualité sur "d7" pour tenter de progresser} b4 54. axb4 Rb1 $1 {
Retour de baton pour le K Noir} 55. R2xd7 Bxd7 56. Rxd7 Rxb4+ 57. Kc6 Rb5 58.
Kd6 Rxc5 59. Kxe6 Ra5 60. Kf6 (60. Rh7 $11) 60... h3 61. Rh7 Kd4 62. Kg5 Ke4
63. Rxh3 Ra1 1/2-1/2

[Event "Avoine op 22nd"]
[Site "Avoine"]
[Date "2007.07.25"]
[Round "5"]
[White "Tirard, Hugo"]
[Black "Simon, Olivier"]
[Result "1-0"]
[WhiteElo "2476"]
[BlackElo "2398"]
[Annotator "Primel,D"]
[PlyCount "97"]
[EventDate "2007.07.21"]
[EventType "swiss"]
[EventRounds "9"]
[EventCountry "FRA"]
[SourceTitle "EXT 2010"]
[Source "ChessBase"]
[SourceDate "2010.11.25"]
[SourceVersion "1"]
[SourceVersionDate "2010.11.25"]
[SourceQuality "1"]

1. e4 c5 2. Nc3 g6 3. d4 cxd4 4. Qxd4 Nf6 5. Nf3 Nc6 6. Qa4 d6 7. e5 dxe5 8.
Nxe5 Qd4 (8... Bd7) 9. Nxc6 Qxa4 10. Nxa4 bxc6 11. Be2 (11. Be3 $14 {Bonch
Osmolovsky,M-Khasin,A URS-ch sf Kiev 1957 (9) 1-0}) 11... e5 12. O-O Nd5 13.
Bd2 f6 14. c4 Nb6 15. Nxb6 (15. Bf3 Bd7 (15... Nxa4 16. Bxc6+)) 15... axb6 16.
Be3 Bc5 17. a4 Ke7 18. Bf3 (18. Bxc5+ bxc5 $11 {[%csl Rb2][%cal Gc8e6,Gh8b8]})
18... Bd7 19. Rfd1 Rhd8 20. Rd3 Be8 21. Rxd8 Rxd8 22. b4 Bd4 23. Bxd4 exd4 24.
c5 bxc5 25. bxc5 Ra8 26. a5 Kd7 27. Kf1 Bf7 28. Ra4 Kc7 (28... d3 $5) 29. a6
Be6 30. Be2 Bf5 $6 31. Rxd4 $16 Bc8 32. Ra4 Kd7 33. Ke1 Ke6 34. Bc4+ Ke5 35. a7
f5 36. f4+ Kf6 37. Ra3 Be6 38. Be2 Bd5 39. Kf2 Be4 40. g3 h6 41. Ke3 g5 42. Ra6
Ke7 43. Kd4 Rd8+ 44. Kc3 Ra8 45. Kc4 gxf4 46. gxf4 Ke6 47. Ra3 Kf6 48. Kb4 Ke6
49. Ba6 1-0

[Event "WchT 9th"]
[Site "Antalya"]
[Date "2013.11.26"]
[Round "1.3"]
[White "Naiditsch, Arkadij"]
[Black "Shoker, Samy"]
[Result "0-1"]
[WhiteElo "2727"]
[BlackElo "2500"]
[Annotator "RR"]
[PlyCount "100"]
[EventDate "2013.11.26"]
[EventType "team-tourn"]
[EventRounds "9"]
[EventCountry "TUR"]
[SourceTitle "CBM 158"]
[Source "ChessBase"]
[SourceDate "2014.01.16"]
[SourceVersion "1"]
[SourceVersionDate "2014.01.16"]
[SourceQuality "1"]
[WhiteTeam "Germany"]
[BlackTeam "Egypt"]
[WhiteTeamCountry "GER"]
[BlackTeamCountry "EGY"]

1. e4 c5 2. Nf3 g6 3. c3 Bg7 4. d4 Qc7 5. Na3 b6 6. Bc4 Ba6 7. Bxa6 Nxa6 8. O-O
cxd4 9. cxd4 Nf6 10. Re1 O-O 11. Bg5 Qb7 12. Qe2 Rac8 13. Nb5 h6 14. Bxf6 Bxf6
15. Nc3 Bg7 16. h4 Nc7 17. Rad1 Qa6 18. Qd2 Qa5 19. a3 d6 20. e5 Rfe8 21. h5 g5
22. d5 Nb5 23. b4 $1 Qa6 24. Nxb5 Qxb5 25. Nxg5 $3 hxg5 26. Qxg5 Kh8 (26... Kh7
27. h6 $1 Bxh6 28. Qf5+ Kg7 29. Rd4 $18) 27. e6 $4 (27. h6 $1 Bxe5 28. Rxe5 Rg8
29. Qxe7 dxe5 30. Qf6+ Kh7 31. Qxf7+ Kh8 (31... Kxh6 32. Qe6+ Kh7 33. Qf5+ Kh6
34. Rd3 $18) 32. Qf6+ Kh7 33. Qf5+ Kh8 34. Qxe5+ Kh7 35. Qf5+ Kh8 36. h7 $1 {
You have to see this 10 moves before.} Rgf8 37. Qe5+ Kxh7 38. Rd4 $18) 27... f6
28. Qd2 Rg8 29. Rc1 Rc4 30. h6 Bf8 31. h7 Rgg4 32. Rxc4 Qxc4 33. Rc1 Qb3 34.
Qe2 Qh3 35. f3 Qh6 36. Rc8 Rh4 37. Qd3 Kg7 38. Ra8 Rh1+ 39. Kf2 Qh4+ 40. Ke3
Re1+ 41. Kd2 Qf2+ 42. Kc3 Re3 43. h8=Q+ Kxh8 44. Rxf8+ Kg7 45. Rf7+ Kg8 46.
Rxe7 Rxd3+ 47. Kxd3 Qxg2 48. Rxa7 Qxf3+ 49. Kc4 Qe2+ 50. Kd4 b5 0-1

[Event "Bergamo ACP Golden Classic"]
[Site "Bergamo"]
[Date "2014.07.13"]
[Round "2"]
[White "Sutovsky, Emil"]
[Black "Jobava, Baadur"]
[Result "1-0"]
[WhiteElo "2620"]
[BlackElo "2713"]
[Annotator "Sutovsky,E"]
[PlyCount "41"]
[EventDate "2014.07.12"]
[EventType "tourn"]
[EventRounds "7"]
[EventCountry "ITA"]
[EventCategory "17"]
[SourceTitle "CBM 162"]
[Source "ChessBase"]
[SourceDate "2014.09.17"]
[SourceVersion "1"]
[SourceVersionDate "2014.09.17"]
[SourceQuality "1"]

{Before this game I'd prepared against several of Jobava's pet sidelines, but
actually did not manage to guess the one he opted for...} 1. e4 c5 2. Nf3 b6 {
Not as bad as it looks. Of course it violates some basic principles, but
looking at the games of such strong players as Kamsky and Jobava (who have
employed this line several times) , we can conclude, that at least, there is
no direct refutation. Still, I would not advise you, dear reader, to follow
their suit. As they said in Soviet times: "Allowed, but not recommended"...} 3.
d4 cxd4 4. Nxd4 Bb7 5. Nc3 Nf6 {Here I was already on my own. Of course, there
are a lot of options (6.Be2, 6.Bg5, 6.Bf4...), but faithful to my style I
opted for the most direct one. Yes, I know it is not always the smartest
approach, but Black's play was too provocative!} 6. e5 Nd5 7. Nxd5 Bxd5 {
I took my time here, trying to find the most energetic way to proceed. 8.Be2
seemed to be rather strong, but after 8...Nc6 Black holds. Probaby the move in
the text is not only the most energetic, but also objectively the strongest.}
8. Nb5 Be6 $1 {Practically speaking, the only move.} (8... e6 9. c4 {would
have been very unpleasant for Black} (9. Qg4 $5)) ({whereas} 8... Bb7 9. Bg5
Qc8 {fails to} 10. Qe2 $1 {with the deadly threat of Nd6+} e6 11. O-O-O {
is just very bad for Black. Baadur's 8...Be6 allows him to stay in the game.})
9. Bd3 {Here I spent a lot of time, choosing between the move in the game, and
tempting 9.Bg5.} ({The inclusion of} 9. Bg5 Qc8 {seems to favour White, but I
was not sure what to do next - Black will play h7-h6, followed by an eventual
g7-g5 and ...Bg7, and my bishop on g5 might be misplaced.}) 9... Nc6 10. Be4 g6
11. Bg5 $6 {Now that Black has played g7-g6, he will never play g7-g5 (only
g6-g5, but that would mean a loss of a tempo), hence I opted for Bg5 at this
very moment. However, it was better to stick to more quiet play.} ({After} 11.
f4 Bg7 12. Be3 {White has a lasting advantage.}) 11... Bg7 12. O-O {That's the
point.} ({Of course} 12. Nd6+ Kf8 {is just bad for White, whereas}) ({the
nice-looking} 12. Bxe7 {fails to} Qxe7 13. Nc7+ Kd8 14. Nxa8 Qb4+) 12... Bxe5 (
12... h6 13. Bxe7 $5 {was the idea - if Black refrains from taking the pawn on
e5. It looks very nice, but fails to impress the silicon beast, that claims
Black is slightly better after} (13. Bf4 {is objectively stronger and leads to
a complex roughly equal game.}) 13... Qxe7 14. Nc7+ Kf8 15. Nxa8 Bxe5 {Luckily,
we ARE human.}) 13. f4 h6 (13... a6 {was an important alternative. Of course,
we both saw it (and I, actually, considered it to be the main defence). After}
14. fxe5 axb5 {White has good compensation, thanks to the bishop pair and
Black's unsafe king. Good compensation, for sure, but how good is it? During
the game, I thought it must be about dynamic equality. The computer suggests
it is between 0.30 and 0.40 advantage for Black. While it's is difficult to
argue with a powerful machine, I'd atick to my opinion - practically speaking,
White's compensation is sufficient.} 15. Qf3 (15. Qe1 $5) 15... O-O 16. c3 {
with a lot of pressure on Black's position. Apparently, Jobava evaluated the
position in the same way, and he opted for the more ambitious approach.}) 14.
fxe5 (14. Bh4 {was another important option. After} Bxb2 (14... a6 $5 15. fxe5
axb5 {might be a better version of the line discussed on move 13.}) 15. Rb1 d5
{we both liked Black's position, but after a retreat} (15... Bg7 16. Nd6+ Kf8
17. f5 {gives White a dangerous attack}) 16. Bf3 {White is doing fine:} a6 (
16... Bg7 17. c4 $1 {that's the point}) 17. Rxb2 axb5 18. Rxb5 Ra5 19. c4 Rxb5
20. cxb5 Na5 21. Qd4 O-O {once again, White has excellent compensation, but,
as usual, not more than that.}) 14... hxg5 15. Qd2 Qb8 {After prolonged
thought, Jobava decided against the tempting} (15... Bc4 {based on the
following line:} 16. Qxg5 (16. e6 $5 Bxb5 $1 17. Qc3 f6 18. exd7+ (18. Rad1 O-O
) 18... Qxd7 19. Rad1 Qc7 $1 (19... Qe6 20. Bd5) 20. Bxg6+ Kf8 21. Rxf6+ exf6
22. Qxf6+ Kg8 23. Qe6+ Kg7 24. Rd7+ Qxd7 25. Qxd7+ Kxg6 26. Qe6+ Kg7 27. Qd7+
Kf6 28. Qd6+ Kf7 29. Qd5+ Ke7 30. Qxb5 Kd6 31. Qxg5 {and White will hold}) (16.
Bd3 Bxd3 17. cxd3 $44) 16... Bxb5 17. Qxg6 $1 Bxf1 18. Rxf1 Nxe5 (18... Qb8 19.
Qxf7+ Kd8 20. Bxc6) (18... Qc8 $3) 19. Qg7 Rf8 20. Qxe5 Rc8 21. Rxf7 $1 {
that's nice and correct, but the attack is refuted by 18...Qc8!! I actually
saw that, and was choosing between 16.e6 (which after 16...f6 leads to the
amusing line brought in the commentary), or sober 16.Bd3 when White is
slightly worse, but not for a long time...}) 16. Qxg5 Bc4 17. Nd6+ $1 exd6 18.
Qf6 Rg8 $4 {The last critical point of the game. I justly considered 18...0-0
to be the only move, when after} (18... O-O 19. Bxg6 {White has a perpetual
and probably more. Well, in fact, the position is quite tricky, but with the
best defence there is no more than a draw, after} Bxf1 20. Be4 $1 (20. Rxf1
fxg6 21. Qxg6+ Kh8 {White has to force the perpetual}) 20... Nxe5 21. Rxf1 Qc7
(21... Qd8 22. Qh6 Ng6 23. Bd5 $3) 22. Rf5 Qc5+ 23. Kh1 Rfe8 {and here White
has several ways to Rome, but Rome means not more than a draw in this
particular case.}) 19. e6 $1 {Nice one. Removing Black's bishop and allowing
the rook on a1 to join the main forces.} Ne5 (19... Bxe6 20. Bxc6 dxc6 21. Rae1
Kd7 22. Rxe6 fxe6 23. Qf7+ Kc8 24. Qxg8+ Kb7 25. Rf7+ Ka6 26. Qxg6 {and Black
loses everything}) 20. exf7+ Bxf7 21. Rae1 {An interesting duel - White was
playing over-aggressively - even technically making all the moves forwards,
except for 0-0 and Rae1...That paid off, but objectively it was always around
equality, starting from an ambitious 11.Bg5, and prior to 18...Rg8. Hope you
have enjoyed the battle!} (21. Rae1 {After} Qd8 22. Bxa8 Qxf6 23. Rxf6 Ke7 24.
Rxf7+ $1 {he is totally lost.}) 1-0